|
|
|
|
| LEADER |
00000nam2a2200000 4500 |
| 001 |
204322 |
| 005 |
20231031190034.0 |
| 035 |
|
|
|a (RuTPU)RU\TPU\book\222716
|
| 035 |
|
|
|a RU\TPU\book\222579
|
| 090 |
|
|
|a 204322
|
| 100 |
|
|
|a 20111122d1964 k y0rusy50 ca
|
| 101 |
0 |
|
|a rus
|
| 102 |
|
|
|a RU
|
| 105 |
|
|
|a a z 000zy
|
| 200 |
0 |
|
|a Т. 128
|
| 210 |
|
|
|d 1964
|c Изд-во Томского ун-та
|
| 215 |
|
|
|a 172 с.
|c рис., граф., табл., схемы
|
| 461 |
|
1 |
|0 (RuTPU)RU\TPU\book\200995
|t Известия Томского политехнического института [Известия ТПИ]
|f Томский политехнический институт (ТПИ)
|v Т. 128
|d 1944-1976
|
| 601 |
0 |
2 |
|a Томский политехнический институт (ТПИ)
|c (1944-1991)
|2 stltpush
|3 (RuTPU)RU\TPU\col\1123
|
| 610 |
1 |
|
|a научные исследования
|
| 610 |
1 |
|
|a необратимые электродные процессы
|
| 610 |
1 |
|
|a обратимые электродные процессы
|
| 610 |
1 |
|
|a уравнение анодного зубца
|
| 610 |
1 |
|
|a ртутные капельные электроды
|
| 610 |
1 |
|
|a чувствительность
|
| 610 |
1 |
|
|a метод амальгамной полярографии
|
| 610 |
1 |
|
|a применение
|
| 610 |
1 |
|
|a полярографы
|
| 610 |
1 |
|
|a стационарные электроды
|
| 610 |
1 |
|
|a надежность
|
| 610 |
1 |
|
|a галлий
|
| 610 |
1 |
|
|a медь
|
| 610 |
1 |
|
|a золото
|
| 610 |
1 |
|
|a кадмий
|
| 610 |
1 |
|
|a интерметаллические соединения
|
| 610 |
1 |
|
|a микроконцентрация
|
| 610 |
1 |
|
|a определение
|
| 610 |
1 |
|
|a экспрессная методика
|
| 610 |
1 |
|
|a висмут
|
| 610 |
1 |
|
|a олово
|
| 610 |
1 |
|
|a сурьма
|
| 610 |
1 |
|
|a анодное растворение
|
| 610 |
1 |
|
|a спиртовые растворы
|
| 610 |
1 |
|
|a цинк
|
| 610 |
1 |
|
|a двойные смеси
|
| 610 |
1 |
|
|a микропримеси
|
| 610 |
1 |
|
|a бромиды бария
|
| 610 |
1 |
|
|a рубидий
|
| 610 |
1 |
|
|a хлористый водород
|
| 610 |
1 |
|
|a реакции
|
| 610 |
1 |
|
|a кинетика
|
| 610 |
1 |
|
|a экстракционно-колориметрический метод
|
| 610 |
1 |
|
|a фотоколориметрический метод
|
| 610 |
1 |
|
|a анодирование
|
| 610 |
1 |
|
|a гальванические ванны
|
| 610 |
1 |
|
|a электролиты
|
| 610 |
1 |
|
|a люминесцентное определение
|
| 610 |
1 |
|
|a хромирование
|
| 610 |
1 |
|
|a железорудные концентраты
|
| 610 |
1 |
|
|a влагоемкость
|
| 610 |
1 |
|
|a высокотемпературные печи
|
| 610 |
1 |
|
|a графитовые трубы
|
| 610 |
1 |
|
|a датчики
|
| 610 |
1 |
|
|a потенциал
|
| 610 |
1 |
|
|a расход
|
| 610 |
1 |
|
|a индукционные измерения
|
| 610 |
1 |
|
|a труды учёных ТПУ
|
| 675 |
|
|
|a 62
|v 3
|
| 801 |
|
1 |
|a RU
|b 63413507
|c 20090209
|g PSBO
|
| 801 |
|
2 |
|a RU
|b 63413507
|c 20221209
|g PSBO
|
| 942 |
|
|
|c BK
|